[Event "Paris-ch op-A"]
[Site "Paris"]
[Date "2010.07.09"]
[Round "7"]
[White "Quenehen, Marc"]
[Black "Bournique, Bruno"]
[Result "1-0"]
[WhiteElo "2096"]
[BlackElo "1920"]
[PlyCount "111"]
[EventDate "2010.07.03"]
[EventType "swiss"]
[EventRounds "9"]
[EventCountry "FRA"]
[SourceTitle "CBM 137 Extra"]
[Source "ChessBase"]
[SourceDate "2010.09.01"]
[SourceVersion "1"]
[SourceVersionDate "2010.09.01"]
[SourceQuality "1"]

1. e4 c5 2. Nf3 d6 3. d4 cxd4 4. Nxd4 Nf6 5. Nc3 a6 6. Bg5 Nbd7 7. Be2 e6 8. Nb3 Be7 9. Bxf6 Nxf6 10. 0-0 0-0 11. a4 Bd7 12. a5 Rc8 13. Bf3 Qc7 14. Qe2 Bc6 15. Nd4 Nd7 16. Bg4 Bf6 17. Rfd1 Rfe8 18. f4 Nf8 19. Bf3 Bd7 20. Qd3 e5 21. Nf5 Bxf5 22. exf5 Qc5+ 23. Kh1 exf4 24. Bxb7 Rb8 25. Ne4 Qxf5 26. Nxf6+ Qxf6 27. Bxa6 Rxb2 28. Bc4 Re3 29. Qxd6 Rxc2 30. Qxf6 gxf6 31. Bd5 Rc7 32. a6 Ra7 33. Bb7 Ne6 34. Kg1 Kg7 35. Rac1 f5 36. Rc8 Ra3 37. Rd6 Ra5 38. Rdc6 Nd4 39. Rb6 Ne6 40. Ra8 Rxa8 41. Bxa8 Nc5 42. Bb7 Ne4 43. Kf1 f6 44. Ke2 Nc3+ 45. Kd3 Na4 46. Rc6 Nb2+ 47. Kc3 Nd1+ 48. Kb4 Ra2 49. Rc5 Ne3 50. Ra5 Nc2+ 51. Kb5 Nd4+ 52. Kb6 Rb2+ 53. Kc7 Ne6+ 54. Kc8 Rc2+ 55. Kb8 Rd2 56. a7 1-0

[Event "Paris-ch op-A"]
[Site "Paris"]
[Date "2010.07.08"]
[Round "6"]
[White "Parant, Pascal"]
[Black "Quenehen, Marc"]
[Result "1/2-1/2"]
[WhiteElo "1924"]
[BlackElo "2096"]
[PlyCount "27"]
[EventDate "2010.07.03"]
[EventType "swiss"]
[EventRounds "9"]
[EventCountry "FRA"]
[SourceTitle "CBM 137 Extra"]
[Source "ChessBase"]
[SourceDate "2010.09.01"]
[SourceVersion "1"]
[SourceVersionDate "2010.09.01"]
[SourceQuality "1"]

1. d4 Nf6 2. c4 e6 3. Nf3 b6 4. g3 Bb7 5. Bg2 Bb4+ 6. Bd2 Be7 7. Nc3 d5 8. Ne5 Nbd7 9. Qa4 0-0 10. Nc6 Qe8 11. Nxe7+ Qxe7 12. 0-0 c5 13. Qa3 Rfc8 14. Bf4 1/2-1/2

[Event "Paris-ch op-A"]
[Site "Paris"]
[Date "2010.07.05"]
[Round "3"]
[White "Quenehen, Marc"]
[Black "Lemeille, Francois"]
[Result "0-1"]
[WhiteElo "2096"]
[BlackElo "1975"]
[PlyCount "64"]
[EventDate "2010.07.03"]
[EventType "swiss"]
[EventRounds "9"]
[EventCountry "FRA"]
[SourceTitle "CBM 137 Extra"]
[Source "ChessBase"]
[SourceDate "2010.09.01"]
[SourceVersion "1"]
[SourceVersionDate "2010.09.01"]
[SourceQuality "1"]

1. d4 Nf6 2. c4 e6 3. e3 b6 4. Bd3 Bb7 5. f3 Bb4+ 6. Nc3 Bxc3+ 7. bxc3 0-0 8. e4 d6 9. Bg5 e5 10. Ne2 Nc6 11. 0-0 h6 12. Bh4 Ba6 13. f4 exf4 14. Nxf4 g5 15. Nd5 Nxd5 16. cxd5 Bxd3 17. Qxd3 Ne7 18. Bg3 Kg7 19. Rf3 Ng6 20. Raf1 Qe7 21. Rf5 f6 22. Re1 Rae8 23. Qf3 Qd7 24. Qg4 Qc8 25. Qd1 Rxe4 26. Ref1 Qe8 27. c4 Re2 28. c5 Qe4 29. R5f3 Rxa2 30. cxd6 cxd6 31. Bxd6 Rd8 32. Bg3 Rxd5 0-1

[Event "FRA-ch op-A"]
[Site "Pau"]
[Date "2008.08.20"]
[Round "8"]
[White "Quenehen, Marc"]
[Black "Derieux, Christian"]
[Result "0-1"]
[WhiteElo "2084"]
[BlackElo "2149"]
[PlyCount "60"]
[EventDate "2008.08.11"]
[EventType "swiss"]
[EventRounds "9"]
[EventCountry "FRA"]
[SourceTitle "CBM 126 Extra"]
[Source "ChessBase"]
[SourceDate "2008.11.05"]
[SourceVersion "1"]
[SourceVersionDate "2008.11.05"]
[SourceQuality "1"]

1. d4 Nf6 2. c4 c5 3. Nf3 cxd4 4. Nxd4 e5 5. Nb5 d5 6. cxd5 Bc5 7. g3 0-0 8. N5c3 Bf5 9. Bg2 e4 10. 0-0 Nbd7 11. Bg5 h6 12. Bxf6 Nxf6 13. e3 Qd7 14. Nd2 Rfe8 15. Rc1 Rac8 16. a3 b5 17. Nb3 Bh3 18. Qe2 a6 19. Rfe1 Bxg2 20. Kxg2 Re5 21. Nxc5 Rxc5 22. h4 Qd6 23. Red1 Nd7 24. Rd4 f5 25. b4 Rc7 26. Rd2 Re8 27. Rdc2 Rec8 28. Qd2 Ne5 29. Ne2 Nc4 30. Qd1 g5 0-1

[Event "Syre Memorial op 31st"]
[Site "Issy les Moulineaux"]
[Date "2008.05.01"]
[Round "1"]
[White "Quenehen, Marc"]
[Black "Laurent, Julien G"]
[Result "1/2-1/2"]
[WhiteElo "2075"]
[BlackElo "2294"]
[PlyCount "65"]
[EventDate "2008.05.01"]
[EventType "swiss"]
[EventRounds "6"]
[EventCountry "FRA"]
[SourceTitle "EXT 2010"]
[Source "ChessBase"]
[SourceDate "2010.11.25"]
[SourceVersion "1"]
[SourceVersionDate "2010.11.25"]
[SourceQuality "1"]

1. Nf3 d6 2. d4 g6 3. c4 Bg7 4. Nc3 Bg4 5. e3 Nc6 6. Be2 e5 7. d5 Nce7 8. e4 Bxf3 9. Bxf3 f5 10. b4 Nf6 11. h4 h6 12. h5 g5 13. g4 fxg4 14. Bxg4 Nxg4 15. Qxg4 0-0 16. Be3 Kh8 17. Ne2 Rf4 18. Bxf4 exf4 19. Rd1 Ng8 20. Qf3 Be5 21. Nd4 Nf6 22. Ne6 Qe7 23. Qd3 a5 24. a3 Qh7 25. Rc1 axb4 26. axb4 b6 27. Qc2 Ra3 28. c5 dxc5 29. bxc5 Rc3 30. Qb1 bxc5 31. Rxc3 Bxc3+ 32. Kd1 Be5 33. Qb8+ 1/2-1/2

[Event "Paris Apsap op 75th"]
[Site "Paris"]
[Date "2004.08.30"]
[Round "1"]
[White "Quenehen, Marc"]
[Black "Sudimac, Goran"]
[Result "1/2-1/2"]
[WhiteElo "2062"]
[BlackElo "1560"]
[PlyCount "56"]
[EventDate "2004.09.??"]
[EventType "swiss"]
[EventRounds "9"]
[EventCountry "FRA"]
[SourceTitle "EXT 2006"]
[Source "ChessBase"]
[SourceDate "2005.11.24"]
[SourceVersion "1"]
[SourceVersionDate "2005.11.24"]
[SourceQuality "1"]

1. d4 Nf6 2. c4 e5 3. dxe5 Ng4 4. Bf4 Nc6 5. Nf3 Bb4+ 6. Nbd2 Qe7 7. e3 Ngxe5 8. Bxe5 Nxe5 9. Be2 Nxf3+ 10. Bxf3 0-0 11. 0-0 Bxd2 12. Qxd2 d6 13. Rfd1 Rb8 14. b4 b6 15. a4 Qf6 16. a5 Be6 17. axb6 axb6 18. Ra7 c5 19. Bd5 b5 20. cxb5 Rxb5 21. Rb7 Rxb4 22. Rxb4 cxb4 23. e4 b3 24. Qb4 Bxd5 25. exd5 b2 26. Rb1 Qg5 27. Qxb2 Qxd5 28. h3 h6 1/2-1/2

[Event "Paris Apsap op 74th"]
[Site "Paris"]
[Date "2004.08.12"]
[Round "5"]
[White "Baillon, Olivier"]
[Black "Quenehen, Marc"]
[Result "1-0"]
[WhiteElo "2242"]
[BlackElo "2062"]
[PlyCount "121"]
[EventDate "2004.08.??"]
[EventType "swiss"]
[EventRounds "9"]
[EventCountry "FRA"]
[SourceTitle "EXT 2005"]
[Source "ChessBase"]
[SourceDate "2004.11.15"]
[SourceVersion "1"]
[SourceVersionDate "2004.11.15"]
[SourceQuality "1"]

1. e4 e6 2. d4 d5 3. e5 c5 4. c3 Bd7 5. Nf3 Qb6 6. Be2 cxd4 7. cxd4 Bb5 8. Nc3 Bb4 9. 0-0 Bxc3 10. Bxb5+ Qxb5 11. bxc3 Nc6 12. a4 Qa6 13. Ba3 Na5 14. Ng5 Qc6 15. Qh5 Qd7 16. f4 g6 17. Qh4 Nc4 18. Nxh7 Qd8 19. Qxd8+ Rxd8 20. Ng5 Nh6 21. Bc1 b6 22. h3 Nf5 23. Rf3 Rc8 24. g4 Ne7 25. Kf2 Na5 26. Ra2 Rc4 27. Bd2 Nb3 28. Ke2 Rh4 29. Rg3 Rh8 30. Ra3 Na5 31. Nf3 Rc8 32. h4 Nc4 33. Ra2 Na5 34. Rh3 Nb3 35. Rh1 Rc4 36. Kd3 Na5 37. Ng1 Ng8 38. f5 gxf5 39. gxf5 Ne7 40. fxe6 fxe6 41. Ne2 Nf5 42. h5 Rc8 43. Bg5 Kf7 44. Rh3 Rcg8 45. Bf6 Rh7 46. Nf4 Ng3 47. Rg2 Ne4 48. Ng6 Ke8 49. Rh4 Kf7 50. Be7 Ke8 51. Bb4 Nc6 52. Ba3 Na5 53. Bd6 Kd7 54. Nf8+ Rxf8 55. Bxf8 Ke8 56. Rg7 Rh8 57. Bb4 Nc6 58. h6 Nxb4+ 59. cxb4 Rf8 60. h7 Rf3+ 61. Ke2 1-0

[Event "Paris Apsap op 70th"]
[Site "Paris"]
[Date "2004.02.26"]
[Round "6"]
[White "Kamal, G."]
[Black "Quenehen, Marc"]
[Result "1-0"]
[WhiteElo "1919"]
[BlackElo "2099"]
[PlyCount "33"]
[EventDate "2004.02.25"]
[EventType "swiss"]
[EventRounds "7"]
[EventCountry "FRA"]
[SourceTitle "EXT 2005"]
[Source "ChessBase"]
[SourceDate "2004.11.15"]
[SourceVersion "1"]
[SourceVersionDate "2004.11.15"]
[SourceQuality "1"]

1. d4 Nf6 2. c4 c5 3. d5 e6 4. Nc3 exd5 5. cxd5 d6 6. Bf4 Be7 7. e4 0-0 8. Be2 a6 9. a4 Qa5 10. Qb1 Re8 11. Nf3 Bg4 12. 0-0 Qb4 13. a5 b5 14. Bd2 Bxf3 15. gxf3 c4 16. Be3 Bd8 17. Ra3 1-0

[Event "Paris Department-ch"]
[Site "Paris"]
[Date "2003.02.13"]
[Round "6"]
[White "Gouanelle, Franck"]
[Black "Quenehen, Marc"]
[Result "0-1"]
[WhiteElo "2107"]
[BlackElo "2097"]
[PlyCount "80"]
[EventDate "2003.02.14"]
[EventType "swiss"]
[EventRounds "6"]
[EventCountry "FRA"]
[SourceTitle "EXT 2004"]
[Source "ChessBase"]
[SourceDate "2003.11.25"]
[SourceVersion "1"]
[SourceVersionDate "2003.11.25"]
[SourceQuality "1"]

1. e4 c5 2. c3 g6 3. d4 cxd4 4. cxd4 d5 5. e5 Nc6 6. h3 Bg7 7. Nf3 Nh6 8. a3 0-0 9. b4 a6 10. Nbd2 f6 11. exf6 Bxf6 12. Nb3 Nf5 13. Bb2 Qd6 14. Be2 e5 15. dxe5 Nxe5 16. Nxe5 Bxe5 17. Bxe5 Qxe5 18. 0-0 Nh4 19. Qd4 Qg5 20. g3 Rf3 21. Qxh4 Qxh4 22. gxh4 Rxb3 23. Bg4 h5 24. Bxc8 Rxc8 25. Rfd1 Rd8 26. Rd4 Rxh3 27. a4 Rb3 28. Rc1 Rd7 29. Kg2 Kf7 30. Re1 Rd6 31. Re3 Rxe3 32. fxe3 Ke6 33. Kf3 Ke5 34. Ke2 Rc6 35. Kd3 Rc1 36. Rf4 Rc4 37. b5 Rxf4 38. exf4+ Kxf4 39. Kd4 axb5 40. axb5 g5 0-1